Statistics for The First 20 Digits of Pi Quiz

Click here to take the quiz!

General Stats

  • This quiz has been taken 1,350 times
  • The average score is 18 of 20

Answer Stats

Digit% Correct
3
100%
1
97%
4
95%
1
94%
5
94%
9
93%
2
92%
6
92%
3
91%
5
91%
5
89%
8
87%
9
87%
7
85%
9
85%
3
84%
2
82%
3
81%
8
77%
4
75%

Score Distribution

Percentile by Number Answered

Percent of People with Each Score

Your Score History

You have not taken this quiz